000 00367nam a22001337a 4500
003 SGT
020 _a9788126715466
082 _a891.4309
_bG08C
100 _aचौरसिया, विजय
245 _aगोंडवाना की लोककथाएं
260 _b राजकमल प्रकाशन
_c2008
300 _a331
942 _2ddc
_cBK
999 _c30557
_d30557